[Event "Wroclaw Open"]
[Site "?"]
[Date "2017.08.16"]
[Round "9.16"]
[White "Van Der Heide, Gerben"]
[Black "Pawicka, Magdalena"]
[Result "1/2-1/2"]
[BlackElo "1790"]
[WhiteElo "1908"]
[LiveChessVersion "1.4.6"]

1. e4 {[%clk 1:30:58]} e5 {[%clk 1:30:51]} 2. Nf3 {[%clk 1:31:21]} Nc6
{[%clk 1:31:11]} 3. Bc4 {[%clk 1:31:40]} Bc5 {[%clk 1:31:22]} 4. c3
{[%clk 1:31:49]} Nf6 {[%clk 1:31:38]} 5. d3 {[%clk 1:32:09]} a6 {[%clk 1:31:12]}
6. Bb3 {[%clk 1:32:26]} Ba7 {[%clk 1:30:08]} 7. h3 {[%clk 1:32:14]} d6
{[%clk 1:28:00]} 8. Nbd2 {[%clk 1:31:59]} h6 {[%clk 1:26:00]} 9. Nf1
{[%clk 1:31:41]} Be6 {[%clk 1:19:40]} 10. Bc2 {[%clk 1:31:55]} Ne7
{[%clk 1:12:31]} 11. Qe2 {[%clk 1:26:01]} Ng6 {[%clk 1:09:31]} 12. g3
{[%clk 1:24:28]} Qd7 {[%clk 1:06:19]} 13. Ng1 {[%clk 1:19:47]} O-O-O
{[%clk 0:57:53]} 14. Be3 {[%clk 1:16:49]} Kb8 {[%clk 0:56:50]} 15. Bxa7+
{[%clk 1:15:57]} Kxa7 {[%clk 0:57:10]} 16. Qe3+ {[%clk 1:15:37]} Kb8
{[%clk 0:56:07]} 17. f4 {[%clk 1:16:05]} exf4 {[%clk 0:50:02]} 18. gxf4
{[%clk 1:14:49]} Rhe8 {[%clk 0:48:39]} 19. Qf2 {[%clk 1:07:53]} Qb5
{[%clk 0:42:25]} 20. b3 {[%clk 1:01:44]} Bd7 {[%clk 0:37:26]} 21. O-O-O
{[%clk 0:58:59]} 1/2-1/2

[Event "Wroclaw Open"]
[Site "?"]
[Date "2017.08.16"]
[Round "9.17"]
[White "Krzyzosiak, Anna"]
[Black "Kawalko, Adam"]
[Result "1-0"]
[BlackElo "1848"]
[WhiteElo "1518"]
[LiveChessVersion "1.4.6"]

1. e4 {[%clk 1:30:58]} c5 {[%clk 1:30:52]} 2. Nf3 {[%clk 1:31:16]} e6
{[%clk 1:30:43]} 3. d3 {[%clk 1:31:27]} Nc6 {[%clk 1:29:59]} 4. Nbd2
{[%clk 1:31:30]} d5 {[%clk 1:29:12]} 5. g3 {[%clk 1:31:37]} Nf6 {[%clk 1:26:49]}
6. Bg2 {[%clk 1:31:28]} Be7 {[%clk 1:26:13]} 7. O-O {[%clk 1:31:12]} O-O
{[%clk 1:25:14]} 8. e5 {[%clk 1:30:58]} Nd7 {[%clk 1:24:08]} 9. Re1
{[%clk 1:31:06]} Qc7 {[%clk 1:21:18]} 10. Qe2 {[%clk 1:30:59]} b5
{[%clk 1:18:28]} 11. Nf1 {[%clk 1:29:34]} a5 {[%clk 1:15:42]} 12. c3
{[%clk 1:28:32]} b4 {[%clk 1:14:18]} 13. h4 {[%clk 1:27:09]} Ba6 {[%clk 1:13:05]}
14. N1h2 {[%clk 1:26:20]} Rfe8 {[%clk 1:07:42]} 15. h5 {[%clk 1:23:24]} h6
{[%clk 1:05:20]} 16. Ng4 {[%clk 1:21:11]} Bf8 {[%clk 1:01:32]} 17. Bf4
{[%clk 1:17:24]} bxc3 {[%clk 0:59:09]} 18. bxc3 {[%clk 1:17:42]} Rab8
{[%clk 0:58:13]} 19. Qd2 {[%clk 1:14:21]} Qd8 {[%clk 0:55:56]} 20. Nh4
{[%clk 1:09:10]} Qe7 {[%clk 0:51:42]} 21. c4 {[%clk 1:07:45]} Nb4
{[%clk 0:45:23]} 22. a3 {[%clk 1:07:33]} Nxd3 {[%clk 0:45:42]} 23. Qxd3
{[%clk 1:07:35]} Bxc4 {[%clk 0:46:03]} 24. Qd2 {[%clk 1:07:12]} a4
{[%clk 0:44:18]} 25. Nxh6+ {[%clk 1:02:32]} gxh6 {[%clk 0:42:41]} 26. Bxh6
{[%clk 1:02:56]} Bxh6 {[%clk 0:42:40]} 27. Qxh6 {[%clk 1:03:18]} Qf8
{[%clk 0:41:54]} 28. Qf4 {[%clk 1:01:53]} Rb3 {[%clk 0:40:13]} 29. Re3
{[%clk 0:58:01]} Reb8 {[%clk 0:40:02]} 30. Nf3 {[%clk 0:55:40]} Rb1+
{[%clk 0:36:41]} 31. Rxb1 {[%clk 0:55:26]} Rxb1+ {[%clk 0:37:05]} 32. Kh2
{[%clk 0:55:24]} d4 {[%clk 0:37:00]} 33. Re4 {[%clk 0:54:38]} Bd5
{[%clk 0:35:36]} 34. Qg5+ {[%clk 0:54:23]} Qg7 {[%clk 0:29:50]} 35. Qd8+
{[%clk 0:54:26]} Nf8 {[%clk 0:29:32]} 36. Rh4 {[%clk 0:54:02]} Qh6
{[%clk 0:26:26]} 37. Ng5 {[%clk 0:49:56]} Bxg2 {[%clk 0:25:02]} 38. Kxg2
{[%clk 0:50:09]} Rb7 {[%clk 0:25:00]} 39. Rg4 {[%clk 0:49:27]} Kh8
{[%clk 0:22:44]} 40. Ne4 {[%clk 0:47:58]} Rd7 {[%clk 0:21:05]} 41. Nf6
{[%clk 0:47:38]} 1-0

[Event "Wroclaw Open"]
[Site "?"]
[Date "2017.08.16"]
[Round "9.19"]
[White "Van Der Veen, Ronald"]
[Black "Jankowiak, Piotr"]
[Result "0-1"]
[BlackElo "1774"]
[WhiteElo "2002"]
[LiveChessVersion "1.4.6"]

1. c4 {[%clk 1:24:41]} c5 {[%clk 1:29:58]} 2. Nc3 {[%clk 1:24:20]} Nc6
{[%clk 1:30:19]} 3. g3 {[%clk 1:24:30]} g6 {[%clk 1:30:21]} 4. Bg2
{[%clk 1:24:48]} Bg7 {[%clk 1:30:45]} 5. Nf3 {[%clk 1:25:13]} e5 {[%clk 1:22:07]}
6. d3 {[%clk 1:25:28]} d6 {[%clk 1:21:20]} 7. O-O {[%clk 1:25:39]} Nge7
{[%clk 1:21:31]} 8. Bg5 {[%clk 1:24:56]} h6 {[%clk 1:20:23]} 9. Bd2
{[%clk 1:20:10]} O-O {[%clk 1:20:14]} 10. a3 {[%clk 1:18:38]} Be6
{[%clk 1:16:07]} 11. Rb1 {[%clk 1:16:26]} b6 {[%clk 1:05:18]} 12. b4
{[%clk 1:15:31]} Rc8 {[%clk 1:05:05]} 13. Qc1 {[%clk 1:13:42]} Kh7
{[%clk 1:04:37]} 14. b5 {[%clk 1:11:24]} Nd4 {[%clk 0:57:03]} 15. e3
{[%clk 1:05:31]} Nxf3+ {[%clk 0:56:51]} 16. Bxf3 {[%clk 1:05:06]} d5
{[%clk 0:57:11]} 17. cxd5 {[%clk 0:59:40]} Nxd5 {[%clk 0:57:12]} 18. Be2
{[%clk 0:53:20]} f5 {[%clk 0:55:25]} 19. Qc2 {[%clk 0:42:31]} f4 {[%clk 0:47:40]}
20. Ne4 {[%clk 0:40:53]} f3 {[%clk 0:40:35]} 21. Bd1 {[%clk 0:40:14]} Bh3
{[%clk 0:40:57]} 22. Re1 {[%clk 0:38:57]} Qd7 {[%clk 0:41:10]} 23. Qa4
{[%clk 0:35:26]} Bg2 {[%clk 0:37:47]} 24. Nc3 {[%clk 0:32:54]} Nxc3
{[%clk 0:33:22]} 25. Bxc3 {[%clk 0:31:46]} c4 {[%clk 0:33:46]} 26. Qa6
{[%clk 0:27:20]} Qh3 {[%clk 0:32:32]} 27. Qb7 {[%clk 0:27:33]} Bh1
{[%clk 0:32:44]} 28. Bxe5 {[%clk 0:27:31]} Qg2# 0-1

[Event "Wroclaw Open"]
[Site "?"]
[Date "2017.08.16"]
[Round "9.20"]
[White "Olszowski, Andrzej"]
[Black "Zombirt, Filip"]
[Result "0-1"]
[BlackElo "1958"]
[WhiteElo "1680"]
[LiveChessVersion "1.4.6"]

1. d4 {[%clk 1:23:06]} Nf6 {[%clk 1:30:44]} 2. Bg5 {[%clk 1:23:24]} g6
{[%clk 1:26:39]} 3. Bxf6 {[%clk 1:23:46]} exf6 {[%clk 1:27:07]} 4. e3
{[%clk 1:24:09]} Bg7 {[%clk 1:26:55]} 5. c4 {[%clk 1:23:50]} O-O {[%clk 1:25:59]}
6. Nc3 c5 {[%clk 1:25:05]} 7. d5 {[%clk 1:23:40]} d6 {[%clk 1:25:18]} 8. Bd3
{[%clk 1:23:30]} Nd7 {[%clk 1:24:21]} 9. Nf3 {[%clk 1:23:15]} f5 {[%clk 1:24:36]}
10. Qd2 {[%clk 1:20:42]} Ne5 {[%clk 1:24:42]} 11. Be2 {[%clk 1:20:44]} a6
{[%clk 1:23:23]} 12. O-O {[%clk 1:18:49]} Bd7 {[%clk 1:23:48]} 13. a4
{[%clk 1:12:23]} Rb8 {[%clk 1:18:38]} 14. Nxe5 {[%clk 1:07:28]} Bxe5
{[%clk 1:18:56]} 15. Rfe1 {[%clk 1:04:21]} Qa5 {[%clk 1:16:51]} 16. Rec1
{[%clk 0:55:05]} Rfe8 {[%clk 0:57:08]} 17. Bd3 {[%clk 0:55:05]} Qd8
{[%clk 0:54:23]} 18. Qc2 {[%clk 0:45:47]} f4 {[%clk 0:50:44]} 19. exf4
{[%clk 0:45:44]} Bxf4 {[%clk 0:51:04]} 20. Re1 {[%clk 0:45:57]} Be5
{[%clk 0:51:05]} 21. Qd2 {[%clk 0:39:59]} f5 {[%clk 0:50:22]} 22. f4
{[%clk 0:37:23]} Bd4+ {[%clk 0:50:36]} 23. Kh1 {[%clk 0:37:36]} Qf6
{[%clk 0:48:20]} 24. Rxe8+ {[%clk 0:37:15]} Rxe8 {[%clk 0:48:49]} 25. Re1
{[%clk 0:37:31]} Kf7 {[%clk 0:44:43]} 26. a5 {[%clk 0:34:32]} Rxe1+
{[%clk 0:43:25]} 27. Qxe1 {[%clk 0:32:33]} Qe7 {[%clk 0:43:45]} 28. Qf1
{[%clk 0:19:24]} Qe3 {[%clk 0:39:18]} 29. g3 {[%clk 0:17:33]} Qd2
{[%clk 0:38:19]} 30. Qb1 {[%clk 0:16:01]} Qf2 {[%clk 0:36:15]} 31. Qf1
{[%clk 0:13:04]} Qxb2 32. Ne2 {[%clk 0:10:34]} Bf6 {[%clk 0:34:50]} 33. Ng1
{[%clk 0:08:23]} Qa1 {[%clk 0:34:10]} 34. Qh3 {[%clk 0:08:17]} Kg7
{[%clk 0:32:08]} 35. Qg2 {[%clk 0:07:18]} Bd4 {[%clk 0:32:09]} 36. Bf1
{[%clk 0:07:40]} Qb2 {[%clk 0:25:50]} 37. Ne2 {[%clk 0:05:51]} Bf6
{[%clk 0:26:02]} 38. h4 {[%clk 0:06:14]} h5 {[%clk 0:25:20]} 39. Qf3
{[%clk 0:06:19]} Qa1 {[%clk 0:21:41]} 40. Ng1 {[%clk 0:02:34]} Qxa5
{[%clk 0:19:51]} 41. Nh3 {[%clk 0:03:00]} Qe1 {[%clk 0:19:16]} 42. Ng5
{[%clk 0:02:58]} Bxg5 {[%clk 0:18:55]} 43. fxg5 {[%clk 0:01:59]} Qe4
{[%clk 0:19:08]} 44. Kg2 {[%clk 0:01:30]} a5 {[%clk 0:18:17]} 45. Kf2
{[%clk 0:01:36]} Qxf3+ {[%clk 0:18:44]} 46. Kxf3 {[%clk 0:01:49]} a4
{[%clk 0:14:00]} 47. Bd3 {[%clk 0:01:26]} a3 {[%clk 0:10:55]} 48. Bb1
{[%clk 0:01:40]} Ba4 {[%clk 0:10:10]} 49. Ba2 {[%clk 0:01:56]} Kf7
{[%clk 0:09:25]} 50. Ke3 {[%clk 0:02:22]} b5 {[%clk 0:07:30]} 51. cxb5
{[%clk 0:02:37]} Bxb5 {[%clk 0:07:59]} 52. Kd2 {[%clk 0:02:41]} Ba4
{[%clk 0:07:22]} 53. Kc3 {[%clk 0:03:01]} Bd1 {[%clk 0:06:30]} 54. Bb1
{[%clk 0:02:56]} Bf3 {[%clk 0:06:01]} 55. Ba2 {[%clk 0:03:19]} Ke7
{[%clk 0:05:16]} 56. Bc4 {[%clk 0:02:59]} Bd1 {[%clk 0:04:57]} 57. Kd2
{[%clk 0:02:30]} Ba4 {[%clk 0:04:50]} 58. Kc1 {[%clk 0:02:43]} Kd8
{[%clk 0:04:47]} 59. Kb1 {[%clk 0:03:00]} Kc7 {[%clk 0:04:40]} 60. Ka2
{[%clk 0:03:19]} Kb6 {[%clk 0:04:59]} 61. Kxa3 {[%clk 0:01:46]} Ka5
{[%clk 0:02:05]} 62. Bd3 {[%clk 0:01:21]} Bb5 {[%clk 0:02:15]} 63. Bc2
{[%clk 0:01:23]} Be8 {[%clk 0:00:44]} 64. Bd3 {[%clk 0:01:28]} Bb5
{[%clk 0:00:47]} 65. Bc2 {[%clk 0:01:34]} c4 {[%clk 0:00:42]} 66. Bd1
{[%clk 0:01:26]} Be8 {[%clk 0:00:50]} 67. Bc2 {[%clk 0:01:33]} Bb5
{[%clk 0:00:40]} 68. Bb1 {[%clk 0:01:41]} Be8 {[%clk 0:00:38]} 69. Bc2
{[%clk 0:01:59]} c3 {[%clk 0:00:42]} 70. Bb3 {[%clk 0:01:47]} Bb5
{[%clk 0:00:48]} 71. Ba2 {[%clk 0:00:41]} Ba4 {[%clk 0:00:34]} 72. Bc4
{[%clk 0:01:08]} Bd1 {[%clk 0:00:50]} 73. Bd3 {[%clk 0:00:57]} Kb6
{[%clk 0:00:40]} 74. Bxf5 {[%clk 0:00:48]} Kc5 {[%clk 0:00:48]} 75. Bxg6
{[%clk 0:00:36]} Kxd5 {[%clk 0:00:58]} 76. Bf7+ {[%clk 0:00:50]} Ke5
{[%clk 0:01:07]} 77. Kb4 c2 78. g6 Kf6 79. Ka3 0-1

[Event "Wroclaw Open"]
[Site "?"]
[Date "2017.08.16"]
[Round "9.21"]
[White "De Jong, Wietse"]
[Black "Borowski, Przemyslaw"]
[Result "0-1"]
[BlackElo "1759"]
[WhiteElo "1956"]
[LiveChessVersion "1.4.6"]

1. e4 c6 2. d4 d5 3. Nc3 dxe4 4. Nxe4 Nf6 5. Ng5 h6 6. N5f3 Bg4 7. Bc4 e6 8. c3
Nbd7 9. Qb3 Qc7 10. h3 Bf5 11. Nd2 b5 12. Be2 Nd5 13. Nf1 N7f6 14. Ne3 Bh7 15.
Nxd5 Nxd5 16. Bf3 Bd6 17. Ne2 O-O 18. a4 a6 19. c4 bxc4 20. Qxc4 Nb4 21. O-O Rab8
22. b3 Rfc8 23. Rd1 e5 24. Bb2 e4 25. Bg4 Rd8 26. f3 Bh2+ 27. Kh1 Nd3 28. Rxd3
exd3 29. Nc3 d2 30. f4 Bxf4 31. Rf1 Re8 32. Ne2 Re4 33. Bf3 Re3 34. d5 Bd3 35.
Qc3 f6 36. Nxf4 Rxf3 37. gxf3 Bxf1 38. Qxd2 cxd5 39. Qxd5+ Qf7 40. Qd1 Qxb3 41.
Qxf1 Qxb2 42. Qc4+ Kh8 43. Qf7 Qc1+ 0-1

[Event "Wroclaw Open"]
[Site "?"]
[Date "2017.08.16"]
[Round "9.22"]
[White "Sondej, Dominik"]
[Black "Zamekhovskiy, Yevgen"]
[Result "1-0"]
[BlackElo "1707"]
[WhiteElo "1942"]
[LiveChessVersion "1.4.6"]

1. g3 d6 2. Bg2 Nf6 3. d3 e5 4. e4 Be7 5. Ne2 O-O 6. O-O a6 7. f4 Nbd7 8. f5 c6
9. Nec3 b5 10. g4 Nb6 11. g5 Ne8 12. Qg4 d5 13. Qg3 f6 14. h4 b4 15. Nd1 dxe4 16.
dxe4 Bc5+ 17. Be3 Qe7 18. Nd2 a5 19. Kh1 Ba6 20. Rg1 Rd8 21. Bf1 Bxf1 22. gxf6
Rxf6 23. Nxf1 Nc4 24. Rg2 h6 25. Bxc5 Qxc5 26. Nde3 Nxe3 27. Nxe3 h5 28. Qf3 Nc7
29. Rag1 Rd7 30. Rg5 Ne6 31. fxe6 Rxf3 32. exd7 Rh3+ 33. Kg2 Qe7 34. Kxh3 Qxd7+
35. Nf5 Qd2 36. Rxg7+ Kf8 37. Rg8+ Kf7 38. R1g7+ Ke6 39. Re7+ Kf6 40. Rf8+ Kg6
41. Rg7# 1-0